Pohádky Boženy Němcové /
Titul nabízí tři z nejznámějších pohádek B. Němcové, z nichž dvě známe z nestárnoucího filmového zpracování. Ve velkorysé dramatizaci se střídají slavní herci odcházející generace, aby nás vtáhli do pohádkových příběhů, které poslouchají děti už desítky let.
Uloženo v:
| Hlavní autor: | |
|---|---|
| Další autoři: | , , , , , , , , , |
| Médium: | E-audiokniha |
| Vydáno: |
Praha :
Supraphon a.s.,
2006
|
| Tagy: |
Žádné tagy |
| LEADER | 01720nim a22003737i 4500 | ||
|---|---|---|---|
| 001 | 313339 | ||
| 007 | sr nunnnnnnned | ||
| 024 | |a 099925574628 | ||
| 044 | |a xr | ||
| 100 | 1 | |a Pavlíček, František |4 aut | |
| 245 | 1 | 0 | |a Pohádky Boženy Němcové / |c Pavlíček, František |
| 264 | 1 | |a Praha : |b Supraphon a.s., |c 2006 | |
| 300 | |a 1 online zdroj (1 hod., 14 min., 14 sek.) | ||
| 336 | |a mluvené slovo |b spw |2 rdacontent | ||
| 337 | |a audio |b s |2 rdamedia | ||
| 338 | |a online zdroj |b cr |2 rdacarrier | ||
| 505 | 0 | 0 | |t Princ Bajaja (41 min., 12 sek.) |
| 505 | 0 | 0 | |t Potrestana pycha (Pysna princezna) (21 min., 39 sek.) |
| 505 | 0 | 0 | |t Sul nad zlato (11 min., 20 sek.) |
| 520 | 2 | |a Titul nabízí tři z nejznámějších pohádek B. Němcové, z nichž dvě známe z nestárnoucího filmového zpracování. Ve velkorysé dramatizaci se střídají slavní herci odcházející generace, aby nás vtáhli do pohádkových příběhů, které poslouchají děti už desítky let. | |
| 700 | 1 | |a Hlavatý, Vladimír |4 nrt | |
| 700 | 1 | |a Čelechovská, Jitka |4 nrt | |
| 700 | 1 | |a Jiránková, Nina |4 nrt | |
| 700 | 1 | |a Smolík, František |4 nrt | |
| 700 | 1 | |a Sejk, Soběslav |4 nrt | |
| 700 | 1 | |a Petrovická, Jiřina |4 nrt | |
| 700 | 1 | |a Tauchenová, Budinka |4 nrt | |
| 700 | 1 | |a Holar, František |4 nrt | |
| 700 | 1 | |a Marvan, Jaroslav |4 nrt | |
| 700 | 1 | |a Munzar, Luděk |4 nrt | |
| 910 | |a RBIT002 | ||
| 998 | |d 403579 |a https://core.palmknihy.cz/api/books/403579/cover?shali8 |b https://core.palmknihy.cz/api/books/403579/cover/400?shali8 |c https://core.palmknihy.cz/api/books/403579/cover/50?shali8 |e 2099-01-01 |i 099925574628 |l 4454 |q 49 |r 1 |s https://www.palmknihy.cz/kniha/403579 |t audiobook |y 2006 |z 1 | ||
| 999 | |d 313337 | ||